La revolución copernicana
Salvato in:
| Autore principale: | |
|---|---|
| Natura: | Libro |
| Lingua: | spagnolo |
| Pubblicazione: |
Buenos Aires
Hyspamerica
1985
|
| Serie: | Historia del Pensamiento, 58-59
|
| Soggetti: | |
| Tags: |
Aggiungi Tag
Nessun Tag, puoi essere il primo ad aggiungerne!!
|
MARC
| LEADER | 00000nam a2200000 a 4500 | ||
|---|---|---|---|
| 001 | UCT3195 | ||
| 003 | CL-VaPUC | ||
| 008 | 961018e19850000AG |||||||||||||||||spa|d | ||
| 082 | 0 | 4 | |a 523.1 |b KUH |2 21 |
| 100 | |a Kuhn, Thomas Samuel |e author |9 304131 | ||
| 245 | 1 | 3 | |a La revolución copernicana |
| 300 | |a v | ||
| 942 | |c BK | ||
| 945 | |d 19961018 00:00:00 |a paguirre | ||
| 260 | |a Buenos Aires |b Hyspamerica |c 1985 | ||
| 650 | 0 | |a Cosmología |9 269138 | |
| 650 | 0 | |a Física |9 227844 | |
| 650 | 0 | |a Universo |9 266563 | |
| 650 | 0 | |a Teorías científicas |9 316549 | |
| 650 | 0 | |a Física teórica |9 345827 | |
| 650 | 0 | |a Filosofía de las ciencias |9 256466 | |
| 583 | |a last modification |c 19961018 00:00:00 |k Rodrigo Vera | ||
| 490 | 0 | |a Historia del Pensamiento, 58-59 | |
| 999 | |c 252944 |d 252942 | ||
| 952 | |0 0 |1 0 |4 0 |6 523_100000000000000_KUH_1985 |7 0 |8 A |9 273130 |a BIBCUR |b BIBCUR |d 2019-11-19 |h v.1 |i 1769340 |o 523.1 KUH 1985 |p 1769340 |r 2025-04-22 |w 2019-11-19 |y BK |k BCB | ||
| 952 | |0 0 |1 0 |4 0 |6 523_100000000000000_KUH_1985 |7 0 |8 A |9 273131 |a BIBCUR |b BIBCUR |d 2019-11-19 |h v.2 |i 3380114 |o 523.1 KUH 1985 |p 3380114 |r 2025-04-22 |w 2019-11-19 |y BK |k BCB | ||
| 952 | |0 0 |1 0 |4 0 |6 523_100000000000000_KUH_1985 |7 0 |8 A |9 273132 |a BIBHIS |b BIBHIS |d 2019-11-19 |h v.1 |i 3462218 |o 523.1 KUH 1985 |p 3462218 |r 2025-01-20 |w 2019-11-19 |y BK |k HIS | ||
| 952 | |0 0 |1 0 |4 0 |6 523_100000000000000_KUH_1985 |7 0 |8 A |9 273133 |a BIBHIS |b BIBHIS |d 2019-11-19 |h v.2 |i 3462226 |o 523.1 KUH 1985 |p 3462226 |r 2025-01-20 |w 2019-11-19 |y BK |k HIS | ||